[Event "BL 2016-17"]
[Site "Germany"]
[Date "2017.02.19"]
[Round "8"]
[White "Nothnagel, Holger"]
[Black "Sarbok, Torsten"]
[Result "1-0"]
[WhiteElo "2299"]
[BlackElo "2318"]
[Annotator "TA RC"]
[PlyCount "75"]
[EventDate "2017.??.??"]
[EventType "team-tourn"]
[EventCountry "GER"]
[SourceTitle "playchess.com"]
[Source "ChessBase"]
[SourceQuality "1"]
[WhiteTeam "Griesheim"]
[BlackTeam "König Tegel"]
[TimeControl "40/6000+30:3000+30"]

1. Nf3 {[%emt 0:00:00]} d5 {[%emt 0:00:44]} 2. c4 {[%emt 0:00:00]} e6 {[%emt 0:00:17]} 3. g3 {[%emt 0:00:50]} d4 {[%emt 0:11:01]} 4. Bg2 {[%emt 0:01:50]} c5 {[%emt 0:00:48]} 5. O-O {[%emt 0:00:40]} Nc6 {[%emt 0:00:18]} 6. e3 {[%emt 0:01:50]} Nf6 {[%emt 0:05:02]} 7. exd4 {[%emt 0:02:22]} cxd4 {[%emt 0:00:27]} 8. d3 {[%emt 0:00:37]} Be7 {[%emt 0:00:39]} 9. a3 {[%emt 0:04:28]} a5 {[%emt 0:00:42]} 10. Re1 {[%emt 0:07:05]} O-O {[%emt 0:00:46]} 11. Bf4 {[%emt 0:05:52]} Nd7 {[%emt 0:06:25]} 12. Ne5 {[%emt 0:30:22]} Ncxe5 {[%emt 0:14:18]} 13. Bxe5 {[%emt 0:00:08]} Nc5 {[%emt 0:00:31]} 14. Qc2 {[%emt 0:05:07]} f6 {[%emt 0:02:06]} 15. Bf4 {[%emt 0:00:19]} e5 {[%emt 0:00:19]} 16. Bc1 {[%emt 0:03:40]} Bf5 {[%emt 0:01:06]} 17. Bf1 {[%emt 0:07:14]} Qd7 {[%emt 0:15:58]} 18. Nd2 {[%emt 0:04:37]} Rfc8 {[%emt 0:01:07]} 19. Rb1 {[%emt 0:02:54]} a4 {[%emt 0:02:03]} 20. b4 {[%emt 0:12:54]} axb3 {[%emt 0:02:59]} 21. Nxb3 {[%emt 0:00:14]} b5 {[%emt 0:10:31]} 22. Nd2 {[%emt 0:04:58]} bxc4 {[%emt 0:15:10]} 23. Nxc4 {[%emt 0:00:09]} Na4 {[%emt 0:00:10]} 24. Bg2 {[%emt 0:02:39]} Ra7 {[%emt 0:00:21]} 25. Bd2 {[%emt 0:03:56]} Rac7 {[%emt 0:10:33]} 26. Rbc1 Kh8 {[%emt 0:03:01]} 27. Be4 {[%emt 0:05:14]} Be6 {[%emt 0:02:38]} 28. Ba5 {[%emt 0:00:28]} Ra7 {[%emt 0:00:36]} 29. Bb4 {[%emt 0:00:24]} Qd8 {[%emt 0:01:08]} 30. Qe2 {[%emt 0:01:27]} Bxb4 {[%emt 0:00:31]} 31. axb4 {[%emt 0:00:09]} Nc3 {[%emt 0:00:21]} 32. Qh5 {[%emt 0:00:21]} Nxe4 {[%emt 0:00:29]} 33. Rxe4 {[%emt 0:00:10]} Bf7 {[%emt 0:01:52]} 34. Qe2 {[%emt 0:01:22]} Rb7 {[%emt 0:00:18]} 35. f4 {[%emt 0:00:10]} Bd5 {[%emt 0:00:06]} 36. fxe5 {[%emt 0:00:04]} Bxe4 {[%emt 0:00:18]} 37. Qxe4 {[%emt 0:00:02]} fxe5 {[%emt 0:00:54]} 38. Qxb7 {[%emt 0:00:42]} 1-0

[Event "BL 2016-17"]
[Site "St. Veit/Glan"]
[Date "2017.03.26"]
[Round "8"]
[White "Anistratov, Dmitriy"]
[Black "Burschowsky, Matthias"]
[Result "1/2-1/2"]
[WhiteElo "2292"]
[BlackElo "2192"]
[Annotator "ChessBase"]
[PlyCount "137"]
[EventDate "2017.??.??"]
[EventType "team-tourn"]
[EventCountry "AUT"]
[SourceTitle "playchess.com"]
[Source "ChessBase"]
[SourceQuality "1"]
[WhiteTeam "Götzis"]
[BlackTeam "Hohenems"]
[TimeControl "40/5400+30:1800+30"]

1. Nf3 {[%emt 0:00:00]} c5 {[%emt 0:00:56]} 2. c3 {[%emt 0:01:01]} Nf6 {[%emt 0:01:31]} 3. d3 {[%emt 0:00:21]} g6 {[%emt 0:00:47]} 4. e4 {[%emt 0:00:15]} d6 {[%emt 0:00:35]} 5. Be2 {[%emt 0:00:38]} Bg7 {[%emt 0:00:24]} 6. O-O {[%emt 0:00:30]} O-O {[%emt 0:00:28]} 7. Nbd2 {[%emt 0:01:53]} Nc6 {[%emt 0:01:16]} 8. a4 {[%emt 0:01:38]} a6 {[%emt 0:03:42]} 9. Re1 {[%emt 0:06:55]} Rb8 {[%emt 0:13:45]} 10. Bf1 {[%emt 0:01:34]} Nd7 {[%emt 0:05:42]} 11. Nb3 {[%emt 0:04:46]} b5 {[%emt 0:09:55]} 12. axb5 {[%emt 0:09:26]} axb5 {[%emt 0:00:23]} 13. Bg5 {[%emt 0:08:03]} b4 {[%emt 0:14:51]} 14. Qc2 {[%emt 0:06:54]} Qb6 {[%emt 0:06:50]} 15. Nfd2 {[%emt 0:05:56]} h6 {[%emt 0:04:07]} 16. Be3 {[%emt 0:02:39]} Ba6 {[%emt 0:03:02]} 17. Ra2 {[%emt 0:08:29]} Ra8 {[%emt 0:03:35]} 18. Rea1 {[%emt 0:00:49]} Bb7 {[%emt 0:00:39]} 19. Nc4 {[%emt 0:00:36]} Qc7 {[%emt 0:01:06]} 20. Nba5 {[%emt 0:09:48]} Nxa5 {[%emt 0:01:43]} 21. Nxa5 {[%emt 0:00:20]} bxc3 {[%emt 0:00:51]} 22. bxc3 {[%emt 0:00:09]} Rfb8 {[%emt 0:02:03]} 23. Nxb7 {[%emt 0:03:22]} Rxa2 {[%emt 0:00:26]} 24. Rxa2 {[%emt 0:00:37]} Qxb7 {[%emt 0:00:08]} 25. d4 {[%emt 0:02:01]} Kh7 {[%emt 0:00:57]} 26. f3 {[%emt 0:04:38]} cxd4 {[%emt 0:06:26]} 27. cxd4 {[%emt 0:00:09]} Qb6 {[%emt 0:00:45]} 28. Qd2 {[%emt 0:08:05]} Qb3 {[%emt 0:00:39]} 29. Rc2 {[%emt 0:02:20]} Qa4 {[%emt 0:01:58]} 30. Ra2 {[%emt 0:01:16]} Qb3 {[%emt 0:00:17]} 31. Rc2 {[%emt 0:00:52]} Qa4 {[%emt 0:00:27]} 32. Rc4 {[%emt 0:00:18]} Qa1 {[%emt 0:00:55]} 33. Rc1 {[%emt 0:03:02]} Rb1 {[%emt 0:02:24]} 34. Rxb1 {[%emt 0:00:05]} Qxb1 {[%emt 0:00:02]} 35. Kf2 {[%emt 0:00:33]} Qa1 {[%emt 0:03:16]} 36. Bc4 {[%emt 0:01:41]} e6 {[%emt 0:02:37]} 37. Bf1 {[%emt 0:00:40]} Qa4 {[%emt 0:00:45]} 38. Qb2 {[%emt 0:01:58]} Qa7 {[%emt 0:05:56]} 39. Qb4 {[%emt 0:01:35]} Qc7 {[%emt 0:00:39]} 40. Qc4 {[%emt 0:00:00]} Qxc4 {[%emt 0:02:34]} 41. Bxc4 {[%emt 0:02:09]} Nb6 {[%emt 0:02:22]} 42. Bb5 {[%emt 0:07:59]} d5 {[%emt 0:01:56]} 43. Ke2 {[%emt 0:01:39]} Kg8 {[%emt 0:18:12]} 44. Kd3 {[%emt 0:00:24]} g5 {[%emt 0:00:33]} 45. Bd2 {[%emt 0:01:12]} Bf8 {[%emt 0:01:07]} 46. Ba5 {[%emt 0:01:18]} dxe4+ {[%emt 0:00:22]} 47. fxe4 {[%emt 0:00:11]} Nc8 {[%emt 0:00:10]} 48. Ba6 {[%emt 0:04:31]} Ne7 {[%emt 0:00:19]} 49. Bc4 {[%emt 0:04:32]} Nc8 {[%emt 0:02:25]} 50. Bb5 {[%emt 0:04:00]} Bd6 {[%emt 0:00:49]} 51. g3 {[%emt 0:03:29]} h5 {[%emt 0:01:04]} 52. Ke3 {[%emt 0:03:11]} Kg7 {[%emt 0:01:01]} 53. d5 {[%emt 0:01:23]} exd5 {[%emt 0:00:21]} 54. exd5 {[%emt 0:00:49]} f5 {[%emt 0:02:22]} 55. Bc3+ {[%emt 0:00:43]} Kf7 {[%emt 0:00:43]} 56. Bd7 {[%emt 0:01:17]} Ne7 {[%emt 0:00:02]} 57. Be6+ {[%emt 0:00:08]} Kg6 {[%emt 0:00:04]} 58. Kf2 {[%emt 0:01:35]} f4 {[%emt 0:03:53]} 59. gxf4 {[%emt 0:00:45]} gxf4 {[%emt 0:00:01]} 60. Kf3 {[%emt 0:00:29]} Nf5 {[%emt 0:00:16]} 61. Ke4 {[%emt 0:00:52]} Ne3 {[%emt 0:01:06]} 62. Kf3 {[%emt 0:00:57]} Nf5 {[%emt 0:00:37]} 63. h3 {[%emt 0:00:53]} Kg5 {[%emt 0:01:02]} 64. Be1 {[%emt 0:00:45]} Kf6 {[%emt 0:00:47]} 65. Bf2 {[%emt 0:00:19]} Ng7 {[%emt 0:00:54]} 66. Bd4+ {[%emt 0:00:48]} Be5 {[%emt 0:00:06]} 67. Bxe5+ {[%emt 0:00:21]} Kxe5 {[%emt 0:00:05]} 68. Bf7 {[%emt 0:00:16]} h4 {[%emt 0:00:47]} 69. Be6 {[%emt 0:00:34]} 1/2-1/2

[Event "BL 2016-17"]
[Site "Germany"]
[Date "2017.02.19"]
[Round "8"]
[White "Eichler, Christoph"]
[Black "Carlstedt, Jonathan"]
[Result "1-0"]
[WhiteElo "2290"]
[BlackElo "2424"]
[Annotator "TA"]
[PlyCount "101"]
[EventDate "2017.??.??"]
[EventType "team-tourn"]
[EventCountry "GER"]
[SourceTitle "playchess.com"]
[Source "ChessBase"]
[SourceQuality "1"]
[WhiteTeam "Zugzwang München"]
[BlackTeam "Hamburger SK"]
[TimeControl "40/6000+30:3000+30"]

1. Nf3 {[%emt 0:00:00]} Nf6 {[%emt 0:04:01]} 2. c4 {[%emt 0:00:00]} e6 {[%emt 0:00:31]} 3. g3 {[%emt 0:00:34]} a6 {[%emt 0:01:16]} 4. Bg2 {[%emt 0:04:44]} b5 {[%emt 0:00:45]} 5. b3 {[%emt 0:07:28]} Bb7 {[%emt 0:01:17]} 6. O-O {[%emt 0:00:29]} Be7 {[%emt 0:02:38]} 7. Nc3 {[%emt 0:11:45]} b4 {[%emt 0:00:46]} 8. Na4 {[%emt 0:00:07]} d6 {[%emt 0:00:49]} 9. Bb2 {[%emt 0:02:55]} Nbd7 {[%emt 0:00:26]} 10. d3 {[%emt 0:02:01]} c5 {[%emt 0:07:32]} 11. e4 {[%emt 0:10:10]} Qc7 {[%emt 0:05:45]} 12. Qe2 {[%emt 0:01:02]} O-O {[%emt 0:08:55]} 13. e5 {[%emt 0:06:59]} dxe5 {[%emt 0:02:47]} 14. Nxe5 {[%emt 0:00:06]} Bxg2 {[%emt 0:00:48]} 15. Kxg2 {[%emt 0:00:03]} Nxe5 {[%emt 0:00:44]} 16. Bxe5 {[%emt 0:01:17]} Qc6+ {[%emt 0:01:27]} 17. Qf3 {[%emt 0:03:49]} Qxf3+ {[%emt 0:00:39]} 18. Kxf3 {[%emt 0:00:03]} Nd7 {[%emt 0:00:18]} 19. Bf4 {[%emt 0:06:29]} e5 {[%emt 0:02:06]} 20. Be3 {[%emt 0:03:36]} f5 {[%emt 0:01:05]} 21. Ke2 {[%emt 0:04:44]} f4 {[%emt 0:01:37]} 22. Bc1 {[%emt 0:02:13]} f3+ {[%emt 0:06:31]} 23. Kd1 {[%emt 0:01:32]} e4 {[%emt 0:00:42]} 24. dxe4 {[%emt 0:01:19]} Nf6 {[%emt 0:01:15]} 25. Kc2 {[%emt 0:02:50]} Nxe4 {[%emt 0:02:31]} 26. Be3 {[%emt 0:03:00]} Rae8 {[%emt 0:04:39]} 27. Rad1 {[%emt 0:01:09]} Bg5 {[%emt 0:09:44]} 28. Bxg5 {[%emt 0:04:03]} Nxg5 {[%emt 0:00:07]} 29. Nxc5 {[%emt 0:00:33]} Re2+ $16 {[%emt 0:02:43]} 30. Rd2 {[%emt 0:01:11]} Rfe8 {[%emt 0:14:44]} 31. Rfd1 {[%emt 0:04:19]} a5 {[%emt 0:00:49]} 32. h4 {[%emt 0:03:26]} Nh3 {[%emt 0:02:59]} 33. Nd3 {[%emt 0:00:16]} Rxd2+ {[%emt 0:02:54]} 34. Rxd2 {[%emt 0:00:18]} Ng1 {[%emt 0:00:11]} 35. Nf4 {[%emt 0:04:30]} Ne2 {[%emt 0:03:44]} 36. Nd5 {[%emt 0:02:15]} Re5 {[%emt 0:03:43]} 37. Rd3 {[%emt 0:03:00]} h6 {[%emt 0:00:56]} 38. Kd2 {[%emt 0:04:07]} Ng1 {[%emt 0:03:07]} 39. Re3 {[%emt 0:01:21]} Rxe3 {[%emt 0:04:01]} 40. Kxe3 {[%emt 0:01:39]} g5 {[%emt 0:50:07]} 41. hxg5 {[%emt 0:53:29]} hxg5 {[%emt 0:00:18]} 42. Ne7+ {[%emt 0:02:38]} Kf7 {[%emt 0:01:02]} 43. Nc6 {[%emt 0:00:09]} Kf6 {[%emt 0:06:14]} 44. Nxa5 {[%emt 0:01:41]} Kf5 {[%emt 0:00:08]} 45. Nc6 {[%emt 0:00:23]} g4 {[%emt 0:00:18]} 46. Nxb4 {[%emt 0:00:30]} Ne2 {[%emt 0:00:06]} 47. Nd3 {[%emt 0:01:42]} Nc3 {[%emt 0:00:47]} 48. a4 {[%emt 0:00:15]} Ne4 {[%emt 0:00:05]} 49. a5 {[%emt 0:00:29]} Nd6 {[%emt 0:00:24]} 50. a6 {[%emt 0:00:22]} Nc8 {[%emt 0:00:07]} 51. b4 {[%emt 0:00:52] Ke4+ Kxe4} 1-0

[Event "BL 2016-17"]
[Site "St. Veit/Glan"]
[Date "2017.03.26"]
[Round "8"]
[White "Blohberger, Felix"]
[Black "Sebenik, Matej"]
[Result "0-1"]
[WhiteElo "2265"]
[BlackElo "2540"]
[Annotator "TA"]
[PlyCount "112"]
[EventDate "2017.??.??"]
[EventType "team-tourn"]
[EventCountry "AUT"]
[SourceTitle "playchess.com"]
[Source "ChessBase"]
[SourceQuality "1"]
[WhiteTeam "Wien-SK Ottakring"]
[BlackTeam "Feffernitz"]

{[%evp 16,112,20,21,26,25,42,0,0,6,2,0,6,0,0,0,0,-6,-8,-14,-11,-43,-36,-46,0,0,0,-46,-41,-53,-33,-37,-25,-39,-24,-43,-36,-31,-37,-145,-122,-128,-121,-147,-146,-153,-146,-146,-139,-145,-152,-302,-91,-91,-99,-160,-139,-250,-243,-203,-192,-307,-302,-274,-254,-287,-152,-228,-226,-240,-257,-250,-246,-731,-710,-529,-406,-765,-668,-612,-594,-472,-447,-1733,-1664,-1745,-1608,-1745,-1733,-1466,-1354,-1733,-1724,-1643,-1557,-1158,-971,-4914,-492]} 1. Nf3 Nf6 2. g3 g6 3. b3 Bg7 4. Bb2 b6 5. Bg2 Bb7 6. O-O c5 7. c4 O-O 8. Nc3 Na6 9. e3 Ne4 {A30: Symmetrical English: Double Fianchetto and Hedgehog} (9... d5 10. Nxd5 Nxd5 11. Bxg7 Kxg7 12. cxd5 Bxd5 13. d4 e6 14. Qe2 Bb7 15. Rfd1 Qe7 16. Ne5 Bxg2 17. Kxg2 Qb7+ {½-½ (73) Rozum,I (2585)-Gordievsky,D (2555) St Petersburg 2016}) 10. Qc1 $146 (10. d4 Nxc3 11. Bxc3 Nc7 12. Rc1 Be4 13. d5 Bxc3 14. Rxc3 d6 15. Nd2 Bxg2 16. Kxg2 e5 17. dxe6 fxe6 {½-½ (47) Pribyl,J (2460)-Kopjonkin,G (2340) Decin 1996}) 10... Nb4 11. Ne1 (11. Nxe4 $5 {seems wilder.} Nd3 12. Qb1 Bxe4 13. Bxg7 Kxg7 14. Nh4) 11... Nxc3 {The position is equal.} 12. Bxc3 Bxg2 13. Nxg2 d5 14. Bxg7 Kxg7 15. Qc3+ d4 16. exd4 Qxd4 17. Qxd4+ cxd4 18. Rfc1 Nd3 19. Rd1 a5 20. Ne1 Nc5 21. d3 e5 22. Rab1 Rab8 23. Nc2 Rfd8 $36 {[%mdl 2048] Black fights for an advantage.} 24. Rd2 f5 25. b4 Na4 26. Re1 e4 27. bxa5 ({White should try} 27. dxe4 $15 d3 28. Na1 (28. Ne3 fxe4 29. f3 axb4 30. fxe4 Rd4 $17)) 27... bxa5 $17 {aiming for ...Rb2.} 28. dxe4 d3 {...Rb2 is the strong threat.} 29. Na3 Rb2 $1 {[%cal Rb2d2]} 30. Nb1 Rdb8 31. Rxb2 Rxb2 32. exf5 gxf5 {[%mdl 4096] Endgame KRN-KRN} 33. c5 (33. Kg2 $17) 33... d2 $2 ({Not} 33... Rxa2 34. c6 $17) (33... Nxc5 $19 {has better winning chances.} 34. Nc3 Rc2) 34. Nxd2 (34. Rd1 Rxb1 $1 {[%mdl 512]} 35. Rxb1 Nc3 $19) 34... Rxd2 {KRN-KR} 35. Re7+ (35. c6 $142) 35... Kf6 36. Ra7 (36. Rc7 $17) 36... Nxc5 $19 37. Rxa5 Nd3 38. f3 (38. Ra6+ $142 Ke5 39. Ra5+ Ke4 40. f3+ Ke3 41. Rxf5) 38... Ne5 $1 39. Ra6+ Kf7 40. Ra7+ Kg6 (40... Ke6 $1 $19 41. Ra3 Kd5) 41. Ra3 {[#]} (41. Ra6+ $17 {is a better defense.} Kf7 42. Ra7+ Ke6 43. Ra3) 41... h5 $1 42. Re3 {[#]} Kf6 $1 43. a3 Ra2 44. h3 $2 {[#]} (44. Kh1) 44... f4 $1 {[%mdl 512]} 45. gxf4 Ng6 46. Rb3 (46. Re4 $142) 46... Nxf4 {Black is clearly winning.} 47. h4 Ne2+ 48. Kf1 Ng3+ 49. Kg1 (49. Ke1 $142) 49... Nf5 50. Rb4 Rxa3 51. Kg2 Rd3 52. Rb6+ Rd6 53. Rb4 Rd4 54. Rb6+ Ke5 55. Rb5+ Kf4 56. Kh3 Rd3 (56... Rd1 $142 57. Ra5 Rd3) 0-1

[Event "BL 2016-17"]
[Site "St. Veit/Glan"]
[Date "2017.03.26"]
[Round "8"]
[White "Theuretzbacher, Klaus"]
[Black "Dizdar, Goran"]
[Result "1/2-1/2"]
[WhiteElo "2249"]
[BlackElo "2512"]
[Annotator "TA"]
[PlyCount "94"]
[EventDate "2017.??.??"]
[EventType "team-tourn"]
[EventCountry "AUT"]
[SourceTitle "playchess.com"]
[Source "ChessBase"]
[SourceQuality "1"]
[WhiteTeam "St. Valentin"]
[BlackTeam "Absam"]

{[%evp 17,94,-8,-6,-34,-11,-4,-4,-10,0,-19,-16,-33,15,0,4,-27,-17,-45,-41,-54,0,-8,25,22,24,19,11,25,59,38,38,38,38,38,38,38,38,38,38,38,38,38,38,38,33,35,41,0,0,0,0,0,0,0,0,0,0,0,0,0,0,0,0,0,0,0,0,0,0,0,0,0,0,0,0,0,0,0,0]} 1. e4 e6 2. Nf3 d5 3. e5 c5 4. b4 cxb4 5. a3 Nc6 6. axb4 Bxb4 7. c3 Be7 8. d4 Bd7 9. Bd3 a6 10. h4 {C00: French: Unusual White 2nd moves} (10. O-O Rc8 11. g3 Na5 12. h4 Bb5 13. Bxb5+ axb5 14. Kg2 Nc4 15. h5 Nh6 16. Bxh6 gxh6 17. Nbd2 O-O {1-0 (55) Kovalenko,I (2650)-Zatonskih,A (2466) Liepaja 2014}) 10... h6 11. g3 Na5 12. O-O Rc8 $146 (12... Qb6 13. Na3 Rc8 14. Rb1 Qc7 15. Bb2 Nc4 16. Nxc4 dxc4 17. Be4 Bc6 {1-0 (30) Schulz,M (2262)-Weischede,T (2300) Berlin 2002}) 13. Ne1 {[%cal Bf3e1,Be1g2,Bg2f4][%mdl 32]} h5 14. Ng2 Bb5 15. Bxb5+ axb5 16. Nf4 g6 17. Ba3 Nc4 18. Qb3 Qb6 19. Nd3 Bxa3 20. Nxa3 Ne7 21. Qxb5+ Qxb5 22. Nxb5 Nc6 23. Ra2 O-O 24. Rb1 Ra8 25. Rba1 Ra5 26. Rxa5 N6xa5 27. Ra2 Rc8 28. Nb4 Kf8 29. Kf1 b6 30. Ke1 Ke7 31. Ke2 Kd7 32. Ke1 Rg8 {The position is equal.} 33. f4 Ne3 34. Ke2 Nf5 35. Kf3 Rc8 36. Nd3 Ke7 37. Nb4 Kf8 38. Na6 Nc6 39. Rb2 Na5 40. Ra2 Ke7 41. Nb4 Kd7 42. Nd3 Ra8 43. Nb4 Rf8 44. Ra3 Kc8 45. Nc2 Kb7 46. Ra2 Kc6 47. Na7+ Kb7 1/2-1/2

[Event "BL 2016-17"]
[Site "St. Veit/Glan"]
[Date "2017.03.26"]
[Round "8"]
[White "Herbrechtsmeier, Christof"]
[Black "Mesaros, Florian"]
[Result "1-0"]
[WhiteElo "2228"]
[BlackElo "2382"]
[Annotator "NA"]
[PlyCount "87"]
[EventDate "2017.??.??"]
[EventType "team-tourn"]
[EventCountry "AUT"]
[SourceTitle "playchess.com"]
[Source "ChessBase"]
[SourceQuality "1"]
[WhiteTeam "Bregenz"]
[BlackTeam "Wulkaprodersdorf"]
[TimeControl "40/5400+30:1800+30"]

1. e4 {[%emt 0:00:00]} e5 {[%emt 0:00:08]} 2. Nf3 {[%emt 0:00:00]} Nc6 {[%emt 0:00:07]} 3. Bc4 {[%emt 0:00:00]} Bc5 {[%emt 0:00:08]} 4. c3 {[%emt 0:00:04]} Nf6 {[%emt 0:00:10]} 5. d4 {[%emt 0:00:05]} exd4 {[%emt 0:00:07]} 6. cxd4 {[%emt 0:00:06]} Bb4+ {[%emt 0:00:06]} 7. Bd2 {[%emt 0:00:06]} Nxe4 {[%emt 0:00:56]} 8. Bxb4 {[%emt 0:00:09]} Nxb4 {[%emt 0:00:04]} 9. Bxf7+ {[%emt 0:00:10]} Kxf7 {[%emt 0:00:10]} 10. Qb3+ {[%emt 0:00:06] C54: Giuoco Piano: 4 c3 Nf6, main lines with 5 d4 and 5 d3} Kf8 {[%emt 0:00:27]} 11. Qxb4+ {[%emt 0:00:07]} Qe7 {[%emt 0:00:05]} 12. Qxe7+ {[%emt 0:00:12]} Kxe7 {[%emt 0:00:07]} 13. Nc3 {[%emt 0:00:48]} (13. O-O Kd8 14. Re1 Nf6 15. Nc3 d6 16. Ng5 Rf8 17. Re3 h6 18. Nge4 Nxe4 19. Rxe4 Bf5 20. Re3 Kd7 21. Rae1 Rae8 {½-½ (21) Pert,N (2570)-Adams,M (2727) Bournemouth 2016}) 13... Nxc3 {[%emt 0:00:11]} 14. bxc3 {[%emt 0:00:06]} d6 {[%emt 0:00:07]} 15. Nd2 {[%emt 0:01:31]} Be6 {[%emt 0:10:11]} 16. Nf1 {[%emt 0:01:15]} a5 $146 {[%emt 0:07:00]} (16... c5 17. Ne3 b5 {½-½ (70) Wang,Y (2422)-Zhao,J (2578) Zhongshan 2014}) 17. Ne3 {[%emt 0:00:57]} b5 18. a3 {[%emt 0:01:12]} Kd7 {[%emt 0:21:45]} 19. d5 {[%emt 0:07:47]} Bf7 {[%emt 0:02:17]} 20. Kd2 {[%emt 0:08:46]} Bg6 {[%emt 0:03:09]} 21. Rhd1 {[%emt 0:04:01]} Rhf8 {[%emt 0:00:22]} 22. Ke1 {[%emt 0:00:19]} Rf4 {[%emt 0:03:20]} 23. Rd4 {[%emt 0:09:21]} Raf8 {[%emt 0:16:42]} 24. Ra2 {[%emt 0:01:54]} Rxd4 {[%emt 0:01:34]} 25. cxd4 {[%emt 0:00:06]} Rf4 {[%emt 0:06:41]} 26. Rd2 {[%emt 0:03:20]} c5 {[%emt 0:02:33]} 27. dxc6+ {[%emt 0:03:58]} Kxc6 {[%emt 0:00:34]} 28. Kd1 {[%emt 0:04:20]} b4 {[%emt 0:02:49]} 29. a4 {[%emt 0:04:41]} Rf8 {[%emt 0:03:47]} 30. Kc1 {[%emt 0:15:21]} Rc8 {[%emt 0:08:27]} 31. Kb2 {[%emt 0:00:15]} Kb7 {[%emt 0:00:53]} 32. d5 {[%emt 0:10:18]} Kb6 {[%emt 0:02:20]} 33. Rd4 {[%emt 0:01:28]} Rc3 {[%emt 0:01:07]} 34. Rc4 {[%emt 0:00:16]} Rd3 {[%emt 0:04:46]} 35. Rc6+ {[%emt 0:00:34]} Kb7 {[%emt 0:00:09]} 36. Rxd6 {[%emt 0:01:09]} Rd2+ {[%emt 0:01:10]} 37. Kb3 {[%emt 0:02:46]} Rxf2 {[%emt 0:00:27]} 38. Rd7+ {[%emt 0:01:18]} Kb6 {[%emt 0:01:00]} 39. Rxg7 {[%emt 0:01:16]} Bb1 {[%emt 0:02:52]} 40. Nc4+ {[%emt 0:00:00]} Ka6 {[%emt 0:00:18]} 41. Nb2 {[%emt 0:14:56]} Bc2+ {[%emt 0:08:19]} 42. Kc4 {[%emt 0:02:31]} Bg6 {[%emt 0:01:14]} 43. Kb3 $17 {[%emt 0:03:19]} Rc2 {[%emt 0:10:14]} 44. Rxg6+ {[%emt 0:00:53]} 1-0

[Event "BL 2016-17"]
[Site "St. Veit/Glan"]
[Date "2017.03.26"]
[Round "8"]
[White "Kranzl, Peter"]
[Black "Wegerle, Joerg"]
[Result "1/2-1/2"]
[WhiteElo "2168"]
[BlackElo "2445"]
[Annotator "TA"]
[PlyCount "63"]
[EventDate "2017.??.??"]
[EventType "team-tourn"]
[EventCountry "AUT"]
[SourceTitle "playchess.com"]
[Source "ChessBase"]
[SourceQuality "1"]
[WhiteTeam "St. Valentin"]
[BlackTeam "Absam"]

{[%evp 25,63,0,11,0,16,16,18,23,18,12,20,19,21,0,0,0,0,0,0,0,0,-14,-7,-10,0,0,10,14,9,0,0,-11,0,-11,-11,-18,0,-19,-19,-19]} 1. e4 {[%cal Be2e4,Be4e5][%mdl 32]} c5 2. c3 Nf6 3. e5 Nd5 4. g3 d6 5. exd6 e6 6. Bg2 Bxd6 7. Nf3 Nc6 8. O-O O-O 9. d4 cxd4 10. Nxd4 Nxd4 11. Qxd4 Qc7 12. Nd2 Rd8 {B22: Sicilian: 2 c3} 13. Qc4 Rb8 {LiveBook: 7 Games} 14. a4 b6 $146 (14... Bd7 15. Qe2 Rbc8 16. Re1 h6 17. Nf1 Bc6 18. Ne3 Ne7 19. Nc2 a6 20. Nd4 Bxg2 21. Kxg2 {0-1 (40) Proehl,H (2389)-Andersson,U (2625) Germany 2000}) 15. Bxd5 exd5 16. Qxc7 Bxc7 17. Nb3 {The position is equal.} Bh3 18. Re1 Re8 19. Rxe8+ (19. Be3 $5 {is interesting.} Be5 20. Red1 f6 21. Rd2 a5 22. Nc1) 19... Rxe8 {[%cal Re8e1] [#]} 20. Be3 h5 {[%cal Bh7h5,Bh5h4][%mdl 32]} 21. Nd4 h4 22. Bd2 ({But not} 22. gxh4 Re4 23. Kh1 Rxh4 $17) 22... Bd7 23. b3 ({Don't play} 23. gxh4 Re4 $15) 23... f6 24. Re1 Re5 25. f4 Re4 26. Rxe4 dxe4 $11 {[%mdl 4096] Endgame KBB-KBN} 27. Kf2 f5 28. Be3 Kf7 29. Kg2 Bd8 30. Kh3 g5 31. Kg2 g4 32. Kf2 1/2-1/2

[Event "BL 2016-17"]
[Site "St. Veit/Glan"]
[Date "2017.03.26"]
[Round "8"]
[White "Bachofner, Andreas"]
[Black "Schlosser, Philipp"]
[Result "0-1"]
[WhiteElo "2154"]
[BlackElo "2517"]
[Annotator "TA"]
[PlyCount "120"]
[EventDate "2017.??.??"]
[EventType "team-tourn"]
[EventCountry "AUT"]
[SourceTitle "playchess.com"]
[Source "ChessBase"]
[SourceQuality "1"]
[WhiteTeam "Nickelsdorf"]
[BlackTeam "Jenbach"]

{[%evp 21,120,-60,-65,-58,-62,-68,-68,-75,-73,-81,-59,-85,-83,-81,-68,-90,-93,-95,-70,-73,-79,-71,-72,-80,-62,-70,-47,-50,-40,-40,-40,-54,-48,-65,-64,-63,-62,-64,-62,-62,-53,-64,-56,-102,-88,-122,-80,-113,-55,-126,-55,-132,-71,-79,-79,-79,-79,-79,-60,-135,-71,-79,-79,-79,-70,-71,-70,-70,-56,-159,-147,-152,-151,-133,-124,-135,-199,-198,-198,-339,-268,-269,-339,-340,-319,-332,-328,-306,-304,-272,-195,-5197,-2648,-29955,-29956,-29958,-29956,-11597,-5154,-5114,-5104]} 1. e4 c5 2. Nc3 Nc6 3. f4 g6 4. Nf3 Bg7 5. Bc4 e6 6. O-O Nge7 7. e5 d6 8. exd6 Nf5 {B23: Closed Sicilian: Lines without g3} (8... Qxd6 9. d3 O-O 10. Ne4 Qc7 11. Qe1 Nf5 12. Qf2 b6 13. g4 Nfd4 14. Nxd4 Bxd4 15. Be3 Bg7 16. Qh4 Qd8 17. Qh3 Na5 18. Bb3 Nxb3 19. axb3 {0-1 (48) Polgar,J (2718)-Gelfand,B (2695) Pacs 2003}) 9. Ne4 Nxd6 10. Nxd6+ Qxd6 11. d3 O-O {LiveBook: 4 Games} 12. a3 b6 13. Qe1 Bb7 14. Rb1 Rac8 15. Bd2 Rfd8 $146 16. Kh1 Nd4 17. Nxd4 cxd4 18. Qe2 Bd5 19. Bb4 Qc6 {[%cal Rd5c4]} (19... Qc7 $5 {is interesting.} 20. b3 Bb7 21. Bd2 a6 22. b4 b5) 20. b3 b5 21. Bxd5 Rxd5 22. Rf2 Bf8 23. Qe1 Bxb4 (23... Bc5 $5 {seems wilder.} 24. Kg1 Qc7 25. Ba5 Qe7 26. g3 a6) 24. axb4 Qd6 25. Ra1 a6 26. g3 Rc3 27. Qe4 Rc6 28. Qe1 Qe7 29. Kg1 Rd7 30. Ra2 Rdc7 31. Re2 Qd6 32. Kf1 Rc3 33. Qf2 Kg7 34. Kg1 h5 ({Black should try} 34... R7c6 $17 35. Re4 Qxb4 36. Rxd4 Qc5) 35. h4 (35. h3 $1 $15) 35... Rd7 ({Better is} 35... R7c6 $17 36. Re4 Qxb4 37. Rxd4 Qc5) 36. Kf1 (36. Re5 $15) 36... Rc6 (36... Ra7 $142 $1 37. Re4 Rac7 38. Rxd4 Qb6) 37. Qe1 Rdc7 38. Kg1 Rc8 39. Kf1 Rc3 40. Qf2 (40. Rg2 $15) 40... Rd8 ({Black should play} 40... R8c6 41. Re4 Qxb4 42. Rxd4 Qc5) 41. Kg1 Rc6 42. Qe1 Qc7 43. Qf2 Rd5 44. Re5 Qd6 45. Qf3 (45. Rxd5 $15 Qxd5 46. Qe2) 45... Qxb4 $17 46. Rxd5 exd5 47. Qxd5 {[%mdl 4096] Endgame [#] KQR-KQR} Re6 $1 {aiming for ...Qe1+.} ({Don't do} 47... Qe1+ 48. Kh2 Qe2+ 49. Qg2 $15) 48. Ra1 a5 49. Rf1 {[#]} a4 $1 50. bxa4 (50. f5 $142 Qd6 51. Qxd6 Rxd6 52. fxg6 Kxg6 53. Ra1) 50... bxa4 $19 51. f5 Qd6 52. Qxd6 Rxd6 {KR-KR} 53. Ra1 Ra6 ({Not} 53... gxf5 54. Rxa4 Kf6 55. Kf2 $16) 54. fxg6 Kxg6 ({Don't take} 54... fxg6 55. Kg2 $19) 55. Ra3 Kf5 56. c3 $2 (56. Kg2) 56... dxc3 57. Rxc3 a3 {[%cal Ba4a3,Ba3a2][%mdl 32]} 58. Rc1 a2 59. Ra1 Ke5 60. Kf2 Kd4 0-1